00282nam a2200121Ia 4500003000400000005001700004008004100021020001900062040002000081100001400101245002700115260001800142OSt20240330162738.0170524s9999 xx 000 0 und d a978-8120338487 cIIMT UNIVERSITY aKaul Asha 0aBusiness Communication aNew Delhi:PHI